The da vinci code (Record no. 576617)

000 -LEADER
fixed length control field 00309nam a22001337a 4500
020 ## - INTERNATIONAL STANDARD BOOK NUMBER
International Standard Book Number 9780593057711
082 ## - DEWEY DECIMAL CLASSIFICATION NUMBER
Classification number 813.54 BRO
100 ## - MAIN ENTRY--PERSONAL NAME
Personal name Brown, Dan
9 (RLIN) 9885
245 ## - TITLE STATEMENT
Title The da vinci code
260 ## - PUBLICATION, DISTRIBUTION, ETC.
Place of publication, distribution, etc. LONDON
Name of publisher, distributor, etc. BANTAM
Date of publication, distribution, etc. 2004
300 ## - PHYSICAL DESCRIPTION
Extent 467P
650 ## - SUBJECT ADDED ENTRY--TOPICAL TERM
Topical term or geographic name entry element SPECIAL ILLUSTRATED EDITION
9 (RLIN) 69243
942 ## - ADDED ENTRY ELEMENTS (KOHA)
Koha item type Book
Holdings
Withdrawn status Lost status Source of classification or shelving scheme Damaged status Not for loan Permanent Location Current Location Shelving location Date acquired Shelving control number Full call number Barcode Date last seen Price effective from Koha item type Public note
          College of Electrical & Mechanical Engineering (CEME) College of Electrical & Mechanical Engineering (CEME) Fiction 11/15/2017 English Literature 813.54 BRO CEME-49269 06/28/2021 06/28/2021 Book CART-4
© 2023 Central Library, National University of Sciences and Technology. All Rights Reserved.